000 00547nam a2200193Ia 4500
005 20260120131009.0
008 008 260114s9999 xx 000 0 eng d
020 _a9780191774638
037 _aEBOOK
040 _aCRL
_beng
_cCRL
041 _aeng
_2eng
084 _qCRL
100 _aKareiva, Tallis, Ricketts, Daily, Polasky
_9921723
245 0 _aNatural Capital
260 _bOxford University PressOxford University Press
_c2013
856 _uhttps://academic.oup.com/book/26318
942 _cEBOOK
999 _c1513633
_d1513633